Curso de derecho procesal civil

-д хадгалсан:
Номзүйн дэлгэрэнгүй
Үндсэн зохиолч: Díaz Uribe, Claudio (Зохиогч)
Формат: Ном
Хэл сонгох:испани
Хэвлэсэн: Santiago Jurídica Conosur 2000
Нөхцлүүд:
Шошгууд: Шошго нэмэх
Шошго байхгүй, Энэхүү баримтыг шошголох эхний хүн болох!

MARC

LEADER 00000nam a2200000 a 4500
001 UCO3068
003 CL-VaPUC
008 000714e20000000CL |||||||||||||||||spa|d
082 0 4 |a 347.05  |b DIA  |2 21 
100 0 |a Díaz Uribe, Claudio  |e author  |9 446905 
245 1 0 |a Curso de derecho procesal civil 
300 |a v 
942 |c BK 
945 |d 20000714 00:00:00  |a vberengu 
260 |a Santiago  |b Jurídica Conosur  |c 2000 
650 0 |a Administración de justicia  |9 382749 
650 0 |a Derecho procesal penal  |9 255496 
650 0 |a Jurisdicción  |9 255090 
650 0 |a Mandato judicial  |9 446907 
650 7 |a NOTIFICACIONES  |2 CL-VaPUC  |9 446908 
650 7 |a PROCESO  |2 CL-VaPUC  |9 335377 
650 0 |a Tribunales  |9 254872 
583 |a last modification  |c 20000714 00:00:00  |k Rodrigo Vera 
999 |c 289541  |d 289539 
952 |0 0  |1 0  |4 0  |6 347_050000000000000_DIA_2000  |7 0  |8 A  |9 338073  |a BIBDER  |b BIBDER  |d 2019-11-20  |h v.1  |i 3631729  |o 347.05 DIA 2000  |p 3631729  |r 2023-01-25  |w 2019-11-20  |y BK  |k DER